000 00732nam a2200241Ia 4500
003 GCL
008 140319s9999 xx 000 0 ara d
040 _aGCL /
_cGCL
082 0 4 _a617.96
_bم ت
100 1 _aمحمد عبدالرحمن العينية
245 1 0 _aالتخدير المرضى /
_cمحمد عبدالرحمن العينية
300 _a2 مج ؛
_c24 سم
650 0 4 _aالغدد
650 0 4 _aالجلد - امراض
650 0 4 _aالدم - امراض
650 0 4 _aالكلى - امراض
650 0 4 _aالقلب، امراض
650 0 4 _aالاطفال - امراض
650 0 4 _aالسرطان - علاج
650 0 4 _aالتخدير
650 0 4 _aالكبد - امراض
942 _2ddc
_cBK
999 _c6460
_d6460